000 00594nam a22002057a 4500
005 20171214124104.0
010 _aENG-121876
020 _c250.00
035 _aEN-105408
037 _bDBAD/PUB
082 _a363.7
100 _aBera,Ajit Kumar
245 _aEnvironment :
_bConcept and application /
_cby Ajit Kumar Bera
260 _aKolkata
_bProgressive publishers
_c2014
270 _a37A,College street
_bKolkata
_e73
300 _a145p.
_bill.
_c24cm(Pbk)
500 _aIncludes references and index
700 _aAjit Kumar Bera
942 _2ddc
_cEN
_h363.7
_mBER
999 _c147991
_d147991